00521pab a2200169 454500008004000000100002600040245010400066260000900170300001300179362001200192650002000204650002800224650001800252650002800270650002000298773003300318180718b2001 xxu||||| |||| 00| 0 eng d aKarmacharya, Binod K. aEconomic reforms in Nepal and their implications for trade, economic growth, inequality and poverty c2001 ap.87-103 aJan-Jun aPoverty - Nepal aEconomic growth - Nepal aTrade - Nepal aEconomic reform - Nepal aEconomic reform aSouth Asian Economic Journal